000
00222 a2200097 4500
001
37968
100
_a
Gabriel A Y
245
_a
Gabriel's Islamic bomb
260
_a
Lahore
_b
Progressive Pub
_c
1991
090
_c
24147
_d
24147
942
_a
NUST-CAE
_c
M
_c
15722
999
_c
273041
_d
273041